banner koha

Adubacao de Brachiaria decumbens cultivada em latosolo roxo alico, textura argilosa, fase cerrado (Registro n. 326661)

MARC details
000 -LÍDER
campo de controle de tamanho fixo 01380naa a22003017a 4500
001 - NÚMERO DE CONTROLE
campo de controle BR8805932
003 - IDENTIFICADOR DO NÚMERO DE CONTROLE
campo de controle BR-BrBNA
005 - DATA E HORÁRIO DA ÚLTIMA TRANSAÇÃO
campo de controle 20240918181741.0
007 - CAMPO FIXO DE DESCRIÇÃO FÍSICA--INFORMAÇÃO GERAL
campo de controle de tamanho fixo ta
008 - CAMPO DE DADOS FIXOS--INFORMAÇÃO GERAL
campo de controle de tamanho fixo 230509b bl.||||| |||| 00| 0 por d
040 ## - FONTE DA CATALOGAÇÃO
Instituição da catalogação original BR-BrBNA
Idioma da catalogação por
Instituição que transcreveu o registro Biblioteca Nacional de Agricultura
041 ## - CÓDIGO DE IDIOMA
Código do idioma do texto/trilha sonora ou título diferente (Pt)
072 ## - CÓDIGO DE CATEGORIA DE ASSUNTO
Código de Categoria de Assunto F04
Código do objeto 1930
090 ## - NÚMERO DE CHAMADA LOCAL
Número de chamada F04 BR8805932
100 1# - ENTRADA PRINCIPAL--NOME PESSOAL
Nome pessoal Seiffert, N.F.
245 1# - TÍTULO
Título Adubacao de Brachiaria decumbens cultivada em latosolo roxo alico, textura argilosa, fase cerrado
260 3# - PUBLICAÇÃO, DISTRIBUIÇÃO, ETC.
Local de publicação, distribuição, etc. Campo Grande, MS (Brasil):
Data da publicação, distribuição, etc. 1979.
500 ## - NOTA GERAL
Nota geral Pimentel, D.M.; Souza, F.H.D. de; Soares, M.R.J.; Melo, H.J.H. de<br/>Coletanea dos seminarios tecnicos apresentados no Centro Nacional de Pesquisa de Gado de Corte durante o ano de 1978<br/>Campo Grande, MS (Brasil): 1979. p. 1-12<br/>(BR8805932-AM)F04<br/>
650 ## - ASSUNTO--TERMO TÓPICO
Cabeçalho tópico ou nome geográfico Capim Brachiaria
650 ## - ASSUNTO--TERMO TÓPICO
Cabeçalho tópico ou nome geográfico Adubacao
650 ## - ASSUNTO--TERMO TÓPICO
Cabeçalho tópico ou nome geográfico Fertilizante Potassico
650 ## - ASSUNTO--TERMO TÓPICO
Cabeçalho tópico ou nome geográfico Fertilizante Fosfatado
650 ## - ASSUNTO--TERMO TÓPICO
Cabeçalho tópico ou nome geográfico Rendimento
650 ## - ASSUNTO--TERMO TÓPICO
Cabeçalho tópico ou nome geográfico Cerrado
773 0# - ENTRADA ANALÍTICA
Título Coletanea dos seminarios tecnicos apresentados no Centro Nacional de Pesquisa de Gado de Corte durante o ano de 1978
Entrada principal Pimentel, D.M.; Souza, F.H.D. de; Soares, M.R.J.; Melo, H.J.H. de. Centro Nacional de Pesquisa de Gado de Corte, Campo Grande, MS (Brasil)
Número de controle do registro F04 BR8805932
Partes relacionadas Campo Grande, MS (Brasil), 1979. p. 1-12
909 ## -
-- 202404
-- Lucia
-- 55
-- Lucia Elande
942 ## - ELEMENTOS DE ENTRADA ADICIONADOS (KOHA)
Tipo de material Koha Capítulo-Livro
Fonte da classificação ou esquema de arquivamento na estante Classificação AGRIS
Exemplares
Situação do descarte Fonte da classificação ou esquema de arquivamento na estante Situação física Não pode ser emprestado Coleção Biblioteca de origem Biblioteca atual Localização na estante Total de empréstimos Número de telefone completo Data de último acesso Número do exemplar Tipo de material Koha Situação das perdas Data de aquisição Fonte de aquisição
  Classificação AGRIS       Biblioteca Nacional de Agricultura - Binagri Biblioteca Nacional de Agricultura - Binagri Agrobase - Acervo Geral   5213 BR8805931 20/05/2024 01 Capítulo-Livro   2024-04-11 Portaria Interministerial nº 164/94

BINAGRI

Telefone: (61)3218-2567/2388/3357/2097 - binagri@agro.gov.br

Ministério da Agricultura e Pecuária , Esplanada dos Ministérios, Bloco D, Anexo B, Brasília/DF, CEP: 70.043-900